| 000 | 00822nam a2200265 i 4500 | ||
|---|---|---|---|
| 001 | 000027310 | ||
| 003 | DO-SdBNP | ||
| 005 | 20260202095114.0 | ||
| 007 | ta | ||
| 008 | 110331s1952 dr 001 0 spa d | ||
| 040 |
_aDO-SdBNP _bspa _cBNPHU _erda |
||
| 041 | _aspa | ||
| 049 | _aBNPD | ||
| 082 | 4 |
_axxxx _bL951h _222 |
|
| 100 | 1 |
_aLugo, Américo, _d1870-1952 _eautor _4aut. _981550 |
|
| 245 | 1 | 0 |
_aHistoria de Santo Domingo : _bdesde el 1556 hasta 1608 |
| 264 | 1 |
_aCiudad Trujillo, República Dominicana : _bLibrería Dominicana, _c1952. |
|
| 300 |
_a400 páginas ; _c23 cm. |
||
| 336 |
_atexto _btxt _2rdacontent |
||
| 337 |
_asin mediación _bn _2rdamedia |
||
| 338 |
_avolumen _bnc _2rdacarrier |
||
| 500 | _aIncluye índice onomástico en la página 383-396 | ||
| 590 | _aInventariado, 2026/BT | ||
| 942 |
_2ddc _cLBS1 |
||
| 999 |
_c26802 _d26802 |
||